000 01139nam0a22002771 4500
001 rc\3335714
005 20130115151621.0
021 _aRU
_b[69-98503]
035 _a(NLR Aleph) 007514814
090 _a7706797
_c7706797
100 _a20130115d1969 |||y0rusy50 ca
101 0 _arus
102 _aRU
105 _aa z |||||
200 1 _aСборник задач по гидравлике
_fМ-во высш. и сред. спец. образования СССР. Челяб. политехн. ин-т им. Ленинского комсомола. Кафедра гидравлики и гидравл. машин
210 _aЧелябинск
_cБ. и.
_d1969
215 _a91 с., 1 л. граф.
_cчерт.
_d25
300 _aНа обл. авт. не указан
300 _aПеред загл. авт.: доц. канд. техн. наук В.К. Темнов
606 _aГидравлика
_jЗадачи
_2psbo
700 1 _aТемнов
_bВ. К.
_gВячеслав Константинович
801 0 _aRU
_bNLR
_gpsbo
801 1 _aRU
_bELAR
_2rusmarc
852 _aNLR
_j69-7/2262
942 _cBOOK
980 _aNB